000
00332nam a2200133 4500
999
_c
11757
_d
11757
003
OSt
005
20230721132343.0
008
230721b ||||| |||| 00| 0 eng d
100
_a
Vagale L R
245
_a
33rd Annual town country planning seminar
260
_a
India
_b
Institute of town planners
300
_a
191p;
942
_2
ddc